| 000 | 00683nam a22001577a 4500 | ||
|---|---|---|---|
| 003 | OSt | ||
| 005 | 20151002170330.0 | ||
| 008 | 151002b xxu||||| |||| 00| 0 eng d | ||
| 040 | _cRUA | ||
| 082 | _aAVM CHE 1995 B069 Or.1 | ||
| 100 |
_91816 _aCHEA SOVANNARITH |
||
| 245 | _aMethod of making silage and urea rice straw heatment in kong pisey district kampong speu province, (របៀបធ្វើផ្អកស្មៅ និងចំបើងផ្អាប់ជាមួយជីអ៊ុយរ៉េ នៅស្រុកគងពិសី ខេត្តកំពង់ស្ពឺ) | ||
| 260 |
_aphnom penh _bRUA _c1995 |
||
| 300 |
_a46p. _bill. _c29cm. |
||
| 942 |
_2ddc _cAVM |
||
| 999 |
_c1715 _d1715 |
||